Directing television : (Record no. 28431)

MARC details
000 -LEADER
fixed length control field 01047pam a2200313 a 4500
001 - CONTROL NUMBER
control field 016015353
003 - CONTROL NUMBER IDENTIFIER
control field EG-ScBUE
005 - DATE AND TIME OF LATEST TRANSACTION
control field 20200805095416.0
008 - FIXED-LENGTH DATA ELEMENTS--GENERAL INFORMATION
fixed length control field 120118s2012 enka f d 001 0 eng d
020 ## - INTERNATIONAL STANDARD BOOK NUMBER
International Standard Book Number 9781408139813 (pbk.)
035 ## - SYSTEM CONTROL NUMBER
System control number (IeDuTC)b148257665
040 ## - CATALOGING SOURCE
Original cataloging agency StDuBDS
Language of cataloging eng
Description conventions rda
Transcribing agency StDuBDS
Modifying agency IeDuTC
-- Uk
-- EG-ScBUE
082 04 - DEWEY DECIMAL CLASSIFICATION NUMBER
Classification number 791.450233
Item number BAM
Edition number 22
100 1# - MAIN ENTRY--PERSONAL NAME
Personal name Bamford, Nick,
Relator term author.
9 (RLIN) 40488
245 10 - TITLE STATEMENT
Title Directing television :
Remainder of title a professional survival guide /
Statement of responsibility, etc Nick Bamford.
264 #1 - PUBLICATION, DISTRIBUTION, ETC. (IMPRINT)
Place of publication, distribution, etc London :
Name of publisher, distributor, etc Bloomsbury Publishing,
Date of publication, distribution, etc 2012.
300 ## - PHYSICAL DESCRIPTION
Extent ix, 209 pages :
Other physical details illustrations ;
Dimensions 24 cm
336 ## - CONTENT TYPE
Content type term text
Source rdacontent
Content type code txt
337 ## - MEDIA TYPE
Media type term unmediated
Source rdamedia
Media type code n
338 ## - CARRIER TYPE
Carrier type term volume
Source rdacarrier
Carrier type code nc
500 ## - GENERAL NOTE
General note Includes index.
500 ## - GENERAL NOTE
General note Includes glossary.
500 ## - GENERAL NOTE
General note Formerly CIP.
Institution to which field applies Uk
650 #7 - SUBJECT ADDED ENTRY--TOPICAL TERM
Topical term or geographic name as entry element Television
General subdivision Production and direction
-- Vocational guidance.
Source of heading or term BUEsh
653 ## - INDEX TERM--UNCONTROLLED
Resource For college Communication and mass media
Arrived date list July2020
655 ## - INDEX TERM--GENRE/FORM
Form subdivision Reading book
9 (RLIN) 34232
942 ## - ADDED ENTRY ELEMENTS (KOHA)
Source of classification or shelving scheme Dewey Decimal Classification
Koha item type Book - Borrowing
Holdings
Withdrawn status Lost status Source of classification or shelving scheme Damaged status Not for loan Collection code Home library Current library Shelving location Date acquired Source of acquisition Total Checkouts Full call number Barcode Date last seen Price effective from Koha item type
    Dewey Decimal Classification     Baccah Central Library Central Library Second Floor 05/07/2020 Purchase   791.450233 BAM 000049300 15/07/2025 05/07/2020 Book - Borrowing